000 00559nam a2200181Ia 4500
003 GCL
008 140319s9999 xx 000 0 ara d
040 _aGCL /
_cGCL
082 0 4 _a813.03
_bى م
100 1 _aيوسف السباعى
245 1 0 _aالشيخ زعرب /
_cيوسف السباعى
260 _a[S.N] :
_bمطبوعات لجنة النشر للجامعين ،
_c1987
300 _a297 ص
490 _aمؤلفات يوسف السباعى
_v0
650 0 4 _aالادب العربى
650 0 4 _aالقصص العربية
942 _2ddc
_cBK
999 _c45282
_d45282